| Tag |
First Indicator |
Second Indicator |
Subfields |
| LEADER |
00000cam a2200000Ia 4500 |
| 001 |
in00002201481 |
| 005 |
20151104113444.0 |
| 008 |
061207s2006 it a u001 0 eng d |
| 020 |
|
|
|a 9788889431405 ($99.00)
|
| 020 |
|
|
|a 8889431407
|
| 029 |
0 |
|
|a YDXCP
|b 2445471
|
| 035 |
|
|
|a (OCoLC)ocm76910309
|
| 040 |
|
|
|a YDXCP
|c YDXCP
|d OCLCQ
|d BAKER
|d TXA
|d UtOrBLW
|
| 049 |
|
|
|a TXAM
|
| 090 |
|
|
|a NK7497.L6
|b G65 2006
|
| 100 |
1 |
|
|a Goldberger, John.
|
| 245 |
1 |
0 |
|a Longines watches /
|c photographed and written by John Goldberger ; introduction by Giampiero Negretti.
|
| 264 |
|
1 |
|a Bologna, Italy :
|b Damiani,
|c 2006.
|
| 300 |
|
|
|a 302 pages :
|b illustrations (some color) ;
|c 30 cm.
|
| 336 |
|
|
|a text
|b txt
|2 rdacontent
|
| 337 |
|
|
|a unmediated
|b n
|2 rdamedia
|
| 338 |
|
|
|a volume
|b nc
|2 rdacarrier
|
| 500 |
|
|
|a Includes index.
|
| 650 |
|
0 |
|a Clocks and watches
|z Switzerland
|x History
|y 20th century
|v Catalogs.
|
| 700 |
1 |
|
|a Negretti, Giampiero.
|
| 938 |
|
|
|a YBP Library Services
|b YANK
|n 2445471
|
| 938 |
|
|
|a Baker & Taylor
|b BKTY
|c 99.00
|d 74.25
|i 8889431407
|n 0006792258
|s active
|
| 948 |
|
|
|a cataloged
|b h
|c 2006/12/21
|d c
|e jgreene
|f 3:42:48 pm
|
| 994 |
|
|
|a C0
|b TXA
|
| 999 |
|
|
|a MARS
|
| 999 |
f |
f |
|s dbf8d054-f6a5-3281-96cf-3b9255999956
|i 43ad8fe2-caa6-300a-9673-2cbe58be6221
|t 0
|
| 952 |
f |
f |
|p normal
|a Texas A&M University
|b College Station
|c Sterling C. Evans Library
|d Evans: Library Stacks
|t 0
|e NK7497.L6 G65 2006
|h Library of Congress classification
|i unmediated -- volume
|m A14835475790
|
| 998 |
f |
f |
|a NK7497.L6 G65 2006
|t 0
|l Evans: Library Stacks
|